000 00639nam a2200205 4500
003 OSt
005 20240705002521.0
006 a
008 240705b |||||||| |||| 00| 0 eng d
020 _a9780071279505
040 _aDWCL-HMN lib.
_cOC
082 _aCirc. 647.94 An565t 2008
100 _aAndrews, Sudhir
245 _aTextbook of Hotel housekeeping management and operation /
260 _aNew Delhi:
_bTata McGraw-Hill Pub. Co.
_cc2008.
300 _axvii,
_b478 p.: ill. ;
_c24 cm.
504 _aincludes Bibliographical references & index.
650 _a1. Hotel Housekeeping-Management.
942 _2ddc
_n0
_cBK-CIRC
_kCirc.
999 _c1975
_d1975